000 00302nam a2200133Ia 4500
008 231129s1983||||xx |||||||||||||| ||spa||
040 _bspa
082 _a320.52 B562u
100 _aBetancur Belisario
245 0 _aUna sola paz
260 _c1983
264 _aImprenta Nacional
942 _2ddc
_cBKS
999 _c26015
_d26015